Polskie kluby z 8 dyscyplin - Statystyki

Ogólne statystyki
  • Ten quiz został rozwiązany 33 razy
  • Średni wynik to 79 z 104
Statystyki odpowiedzi
Nazwa Miasto Dyscyplina % Poprawnych
Lechia Gdańsk Piłka nożna
100%
Lechia Gdańsk Rugby
100%
Trefl Gdańsk Siatkówka
100%
Wybrzeże Gdańsk Piłka ręczna
100%
Arka Gdynia Koszykówka
100%
Arka Gdynia Rugby
100%
Arka Gdynia Piłka nożna
100%
AZS AWF Warszawa Rugby
100%
Dziki Warszawa Koszykówka
100%
Legia Warszawa Koszykówka
100%
Legia Warszawa Futsal
100%
Legia Warszawa Piłka nożna
100%
PGE Projekt Warszawa Siatkówka
100%
Budmex Rugby Białystok Rugby
97%
Jagiellonia Białystok Piłka nożna
97%
AZS UŚ Katowice Futsal
97%
GKS Katowice Piłka nożna
97%
GKS Katowice Hokej
97%
Cracovia Kraków Piłka nożna
97%
Cracovia Kraków Hokej
97%
Juvenia Kraków Rugby
97%
Betard Sparta Wrocław Żużel
97%
Śląsk Wrocław Koszykowka
97%
Śląsk Wrocław Futsal
97%
Budowlani Łódź Rugby
94%
Widzew Łódź Piłka nożna
94%
Widzew Łódź Futsal
94%
Bogdanka Luk Lublin Siatkówka
94%
Budowlani Lublin Rugby
94%
Motor Lublin Piłka nożna
94%
Orlen Oil Motor Lublin Żużel
94%
Start Lublin Koszykówka
94%
King Szczecin Koszykówka
94%
Pogoń Szczecin Piłka nożna
94%
Anwil Włocławek Koszykówka
94%
Krono-Plast Włókniarz Częstochowa Żużel
91%
Norwid Częstochowa Siatkówka
91%
Raków Częstochowa Piłka nożna
91%
GTK Gliwice Koszykówka
91%
Piast Gliwice Piłka nożna
91%
Piast Gliwice Futsal
91%
Industria Kielce Piłka ręczna
91%
Korona Kielce Piłka nożna
91%
Bruk-Bet Termalica Nieciecza Piłka nożna
91%
Orlen Wisła Płock Piłka ręczna
91%
Wisła Płock Piłka nożna
91%
Lech Poznań Piłka nożna
91%
Asseco Resovia Rzeszów Siatkówka
91%
Górnik Zabrze Piłka nożna
91%
Zagłębie Lubin Piłka nożna
88%
Zagłębie Lubin Piłka ręczna
88%
Radomiak Radom Piłka nożka
88%
Energa Toruń Hokej
88%
FC Toruń Futsal
88%
Pres Grupa Deweloperska Toruń Żużel
88%
Twarde Pierniki Toruń Koszykówka
88%
Chrobry Głogów Piłka ręczna
85%
ZAKSA Kędzierzyn-Koźle Siatkówka
85%
Stelmet Falubaz Zielona Góra Żużel
85%
Zastal Zielona Góra Koszykówka
85%
Ogniwo Sopot Rugby
82%
Trefl Sopot Koszykówka
82%
Skra Bełchatów Siatkówka
79%
Ruch Chorzów Futsal
79%
Zagłębie Sosnowiec Hokej
76%
Cuprum Stilon Gorzów Wielkopolski Siatkówka
73%
Gezet Stal Gorzów Wielkopolski Żużel
73%
Jastrzębski Węgiel Jastrzębie-Zdrój Siatkówka
73%
JKH GKS Jastrzębie-Zdrój Hokej
73%
Indykpol AZS Olsztyn Siatkówka
73%
Piotrkowianin Piotrków Trybunalski Piłka ręczna
73%
Czarni Słupsk Koszykówka
70%
Polonia Bytom Hokej
67%
Legionovia Legionowo Piłka ręczna
67%
GKS Tychy Hokej
67%
Rekord Bielsko-Biała Futsal
64%
Azoty Puławy Piłka ręczna
64%
Dreman Exlabesa Opole Futsal
61%
Gwardia Opole Piłka ręczna
61%
Ostrovia Ostrów Wielkopolski Piłka ręczna
61%
Stal Ostrów Wielkopolski Koszykówka
61%
Stal Mielec Piłka ręczna
58%
Aluron CMC Warta Zawiercie Siatkówka
58%
Fogo Unia Leszno Żużel
55%
GI Malepszy Leszno Futsal
55%
Ślepsk Malow Suwałki Siatkówka
55%
Górnik Wałbrzych Koszykówka
55%
Miasto Szkła Krosno Koszykówka
52%
BAYERSYSTEM GKM Grudziądz Żużel
45%
Unia Oświęcim Hokej
42%
Barkom Lwów Siatkówka
39%
ChKS Chełm Siatkówka
33%
MKS Dąbrowa Górnicza Koszykówka
33%
MKS Kalisz Piłka ręczna
30%
MMTS Kwidzyn Piłka ręczna
30%
Eurobus Przemyśl Futsal
27%
Pogoń Awenta Siedlce Rugby
27%
Constract Lubawa Futsal
24%
STS Sanok Hokej
24%
Orkan Sochaczew Rugby
18%
Red Dragon Pniewy Futsal
15%
BSF Bochnia Futsal
12%
We-Met gmina Sierakowice Futsal
3%
Stowarzyszenie Futsal Świecie Futsal
3%
Nie znaleziono quizów pasujących do podanych kryteriów
Rozkład punktacji
Procent ludzi z każdym wynikiem
Percentyl według liczby udzielonych odpowiedzi
Twoja historia wyników
Nie rozwiązałeś tego quizu